000 00653nam a22001937a 4500
999 _c195744
_d195744
005 20230419121717.0
010 _aENG-136736
020 _a9789388398497
_c800.00
035 _aEN-120268
037 _bDBAD/PUB
082 _a363.700954
100 _aDamodaran, K
245 0 0 _aEconomics Burden Of Pollution In India /
_cBy K Damodaran
250 _aFirst
260 _aTamil Nadu
_bShanlax Publications
_c2019
270 _bTamil Nadu
_a61, 66 T.P.K. Main Road, Vasantha Nagar, Madurai
_e625003
_k0452-4208765
_k7639303383
_mshanlaxpublications@gmail.com
300 _a342p. :
_c22cm(pbk)
_bill.
942 _2ddc
_cEN
_mDAM
_h363.700954